000 01134cam a22002894a 4500
001 11996579
005 20161008153339.0
008 000504s2001 maua b 001 0 eng
010 _a 00033925
020 _a0072307838 (softcover : alk. paper)
040 _aDLC
_cDLC
_dDLC
042 _apcc
050 0 0 _aMT1
_b.W54 2001
082 0 0 _aDC 780.71
_22001
_bW63
100 1 _aWiggins, Jackie.
245 1 0 _aTeaching for musical understanding/
_cJackie Wiggins.
260 _aBoston:
_bMcGraw Hill,
_cc2001.
300 _axx, 308 pages:
_billustrations;
_c24 cm.
504 _aIncludes bibliographical references and index.
650 0 _aMusic
_xInstruction and study.
856 4 2 _3Publisher description
_uhttp://www.loc.gov/catdir/description/mh021/00033925.html
856 4 1 _3Table of contents
_uhttp://www.loc.gov/catdir/toc/mh021/00033925.html
365 _b3718.00
_cPhp
906 _a7
_bcbc
_corignew
_d1
_eocip
_f20
_gy-gencatlg
942 _2ddc
_cDC
999 _c5099
_d5099